| 000 | 00626 a2200217 4500 | ||
|---|---|---|---|
| 003 | OSt | ||
| 005 | 20180116182924.0 | ||
| 008 | 160822b xxu||||| |||| 00| 0 eng d | ||
| 020 | _a0 | ||
| 040 | _c0 | ||
| 050 | _a338.17497325 COU 2008 | ||
| 082 | _a338.17497325 COU 2008 | ||
| 100 | _aNational Research Council. | ||
| 110 | _aNational Research Council. | ||
| 245 |
_aNEEM _bA Tree for Solving Global Problems. _cNational Research Council. |
||
| 260 |
_aPakistan _bNational Research Council. _c2008 |
||
| 300 |
_a123p. _bPB |
||
| 440 | _aNEEM | ||
| 500 | _aPaper cover. | ||
| 942 |
_aNBS _cBK _k338.17497325 COU 2008 _2ddc |
||
| 999 |
_c348547 _d348547 |
||